000 00342 a2200157 4500
001 73395
020 _a8585446285
040 _cAnchieta - Colégio São Paulo
100 _aMédici, Miriam de Cássia
240 1 0 _aGeografia
_lpor
245 1 0 _aGeografia
300 _a79
362 0 _a1999
650 4 _aGeografia e viagens
942 _cBK
999 _c73395
_d73395